000 00795aam a2200301 4500
005 20251031115500.0
008 150805b1993 xxu||||| |||| 00| 0 spa d
020 _a9681845420
041 _aESP
082 _a611.314 D537m2
100 _aDiamond, Moses
245 _aManual de anatomía dental
260 _aMéxico
260 _bEditorial Limusa
260 _c1993
300 _bTomo I , II y III
300 _bIlustraciones a blanco y negro
490 _aMecánica Dental
650 _aANATOMÍA DENTAL
650 _aMORFOLOGÍA DENTAL
650 _aDESARROLLO DENTAL
650 _aTEJIDOS DENTALES
650 _aERUPCIÓN DENTALES
650 _aOCLUSIÓN
650 _aANATOMÍA DE CABEZA Y CUELLO
650 _aARTICULACIÓN TEMPOROMANDIBULAR
942 _cBK
_2ddc
999 _c529
_d529